000 01024cam a2200313 i 4500
001 200468120
003 TR-AnTOB
005 20260415131652.0
007 ta
008 110504s1964 nyu 000 0 eng d
040 _aTR-AnTOB
_beng
_erda
_cTR-AnTOB
041 0 _aeng
050 1 4 _aPS3545.H16
_bH68 1964
090 _aPS3545.H16
_bH68 1964
100 1 _aWharton, Edith,
_d1862-1937
_eauthor
_95413
245 1 4 _aThe House of mirth /
_cEdith Wharton.
250 _aFirst printing, January, 1964
264 1 _aNew York :
_bNew American Lİbrary,
_c1962.
300 _a351 pages;
_c18 cm
336 _atext
_btxt
_2rdacontent
337 _aunmediated
_bn
_2rdamedia
338 _avolume
_bnc
_2rdacarrier
600 1 0 _aWharton, Edith,
_d1862-1937.
_tHouse of mirth
_95414
650 _aSingle women
_zNew York (State)
_zNew York
_vFiction
_95416
650 _aAmerican literature
_y19th century
_95415
651 0 _aNew York (N.Y.)
_xSocial life and customs
_vFiction
_95417
942 _cBK
_2lcc
999 _c200468120
_d86332